000
00249nam a2200097Ia 4500
001
673586
005
20250826160906.0
008
250824s9999 xx 000 0 und d
245
0
_a
Yürek Dede ile Padişah
_c
Cahit Zarifoğlu
260
_b
BEYAN YAYINLARI
999
_c
673586
_d
673586